College Football Teams w/ Highest Winning % - Statistics

General Stats
  • This quiz has been taken 61 times
  • The average score is 17 of 25
Answer Stats
Hint Answer % Correct
.734 Alabama
100%
.732 Michigan
98%
.667 Georgia
96%
.735 Ohio State
96%
.626 Florida
94%
.704 Texas
94%
.664 Florida State
90%
.655 LSU
90%
.723 Oklahoma
90%
.694 USC
90%
.625 Clemson
86%
.677 Nebraska
82%
.690 Penn State
82%
.673 Tennessee
82%
.732 Notre Dame
80%
.604 Texas A&M
80%
.619 Washington
78%
.627 Miami
76%
.623 Auburn
67%
.728 Boise State
61%
.622 James Madison
12%
.644 Appalachian State
10%
.644 Coastal Carolina
10%
.621 Georgia Southern
4%
.646 Kennesaw State
2%
No matching quizzes found
Score Distribution
Percent of People with Each Score
Percentile by Number Answered
Your Score History
You have not taken this quiz